Logo Biblioteca

No soy un monstruo / (Registro nro. 906)

Detalles MARC
000 -LEADER
fixed length control field 01083nam a22002417a 4500
003 - CONTROL NUMBER IDENTIFIER
control field AR-RoUNCS
005 - DATE AND TIME OF LATEST TRANSACTION
control field 20260218144649.0
008 - FIXED-LENGTH DATA ELEMENTS--GENERAL INFORMATION
fixed length control field 180814s2018 ag gr 000 10spa
015 ## - NATIONAL BIBLIOGRAPHY NUMBER
National bibliography number AR-2018
020 ## - INTERNATIONAL STANDARD BOOK NUMBER
International Standard Book Number 978-950-852-306-8
040 ## - CATALOGING SOURCE
Original cataloging agency AR-BaBN
Language of cataloging spa
Transcribing agency AR-RoUNCS
Description conventions aacr
080 1# - UNIVERSAL DECIMAL CLASSIFICATION NUMBER
Universal Decimal Classification number 82-312.4(460)
Edition identifier 2016
100 1# - MAIN ENTRY--PERSONAL NAME
Personal name Chaparro, Carme,
Dates associated with a name 1973-
245 10 - TITLE STATEMENT
Title No soy un monstruo /
Statement of responsibility, etc. Carme Chaparro.
250 ## - EDITION STATEMENT
Edition statement 1a ed.
260 ## - PUBLICATION, DISTRIBUTION, ETC.
Place of publication, distribution, etc. Buenos Aires :
Name of publisher, distributor, etc. Espasa-Calpe,
Date of publication, distribution, etc. 2018.
300 ## - PHYSICAL DESCRIPTION
Extent 331 p. ;
Dimensions 24 cm.
490 0# - SERIES STATEMENT
Series statement Ámbito Cultural
520 1# - SUMMARY, ETC.
Summary, etc. Si hay algo peor que un pesadilla es que esa pesadilla se repita. Y entre nuestros peores sueños, los de todos, pocos producen más angustia que un niño desaparezca sin dejar rastro. Eso es precisamente lo que ocurre al principio de esta novela: en un centro comercial, en el medio del bullicio de una tarde de compras, un depredador acecha, eligiendo la presa que está a punto de arrebatar.
Assigning source (Descripción del editor).
650 #7 - SUBJECT ADDED ENTRY--TOPICAL TERM
Topical term or geographic name entry element Literatura española
Source of heading or term embne
655 #7 - INDEX TERM--GENRE/FORM
Source of term embne
Genre/form data or focus term Novelas policiacas
942 ## - ADDED ENTRY ELEMENTS (KOHA)
Source of classification or shelving scheme Universal Decimal Classification
Koha item type Obra General
Suppress in OPAC No
Existencias
Withdrawn status Lost status Source of classification or shelving scheme Damaged status Not for loan Collection Home library Current library Date acquired Source of acquisition Total checkouts Full call number Barcode Date last seen Price effective from Koha item type
    Universal Decimal Classification     Colección General Biblioteca Escuela de Ciencias Sociales Biblioteca Escuela de Ciencias Sociales 18/02/2026 Donación 2023   82-312.4(460) C462 000512 18/02/2026 18/02/2026 Obra General
Biblioteca de la Escuela Preuniversitaria en Ciencias Sociales y Humanísticas.
Riobamba 250 bis.
CP 2000 - Rosario - Santa Fe
E-Mail: biblioteca@esociales.unr.edu.ar